Library Banner

Darbar-i-Milli = دربار ملی : (Record no. 122164)

MARC details
000 -LEADER
fixed length control field 00595nam a22001337a 4500
005 - DATE AND TIME OF LATEST TRANSACTION
control field 20230822121705.0
008 - FIXED-LENGTH DATA ELEMENTS--GENERAL INFORMATION
fixed length control field 210503b ||||| |||| 00| 0 eng d
040 ## - CATALOGING SOURCE
Transcribing agency PK-LaUMT
082 ## - DEWEY DECIMAL CLASSIFICATION NUMBER
Classification number RHc 891.558
Item number DAR-
245 ## - TITLE STATEMENT
Title Darbar-i-Milli = دربار ملی :
Remainder of title qaumi zindhgi ki kahani moasreen ki zabani = قومی زندگی کی کہانی معاصرین کی زبانی /
Statement of responsibility, etc muntakhiba wa murtaba S M Ikram and Waheed Qureshi = منتخبہ و مرتبہ ایس ایم اکرام و وحید قریشی
260 ## - PUBLICATION, DISTRIBUTION, ETC. (IMPRINT)
Place of publication, distribution, etc Lahore :
Name of publisher, distributor, etc Majlas-i-Taraqqi Adab,
Date of publication, distribution, etc 1966
300 ## - PHYSICAL DESCRIPTION
Extent 532 p.
942 ## - ADDED ENTRY ELEMENTS (KOHA)
Koha item type Books
Holdings
Withdrawn status Lost status Damaged status Home library Current library Date acquired Full call number Barcode Date last seen Price effective from Koha item type
      UMT Main Campus UMT Main Campus 2021-05-03 RHc 891.558 DAR- 137528 2021-05-03 2021-05-03 Books